<?xml version="1.0" encoding="UTF-8"?>
<record
    xmlns:xsi="http://www.w3.org/2001/XMLSchema-instance"
    xsi:schemaLocation="http://www.loc.gov/MARC21/slim http://www.loc.gov/standards/marcxml/schema/MARC21slim.xsd"
    xmlns="http://www.loc.gov/MARC21/slim">

  <leader>00805nas1a22002291i 4500</leader>
  <controlfield tag="001">RU\NLR\INFOCOMM29\5000539747</controlfield>
  <controlfield tag="005">20260406231140.0</controlfield>
  <datafield tag="035" ind1=" " ind2=" ">
    <subfield code="a">(NLR Aleph) 002289671</subfield>
  </datafield>
  <datafield tag="090" ind1=" " ind2=" ">
    <subfield code="a">4121062</subfield>
    <subfield code="c">4121062</subfield>
  </datafield>
  <datafield tag="100" ind1=" " ind2=" ">
    <subfield code="a">20050818a20029999|||y0rusy50      ca</subfield>
  </datafield>
  <datafield tag="101" ind1="0" ind2=" ">
    <subfield code="a">rus</subfield>
  </datafield>
  <datafield tag="102" ind1=" " ind2=" ">
    <subfield code="a">RU</subfield>
  </datafield>
  <datafield tag="110" ind1=" " ind2=" ">
    <subfield code="a">ahuzz 0|y|</subfield>
  </datafield>
  <datafield tag="200" ind1="1" ind2=" ">
    <subfield code="a">&#x412;&#x435;&#x441;&#x442;&#x43D;&#x438;&#x43A; &#x437;&#x430;&#x449;&#x438;&#x442;&#x44B; &#x43F;&#x440;&#x430;&#x432; &#x43F;&#x43E;&#x442;&#x440;&#x435;&#x431;&#x438;&#x442;&#x435;&#x43B;&#x435;&#x439;</subfield>
    <subfield code="f">&#x41C;&#x435;&#x436;&#x434;&#x443;&#x43D;&#x430;&#x440;. &#x43A;&#x43E;&#x43D;&#x444;&#x435;&#x434;&#x435;&#x440;&#x430;&#x446;&#x438;&#x44F; &#x43E;-&#x432; &#x43F;&#x43E;&#x442;&#x440;&#x435;&#x431;&#x438;&#x442;&#x435;&#x43B;&#x435;&#x439;</subfield>
  </datafield>
  <datafield tag="210" ind1=" " ind2=" ">
    <subfield code="a">&#x41C;.</subfield>
    <subfield code="c">&#x41C;&#x410;&#x41A;&#x421; &#x41F;&#x440;&#x435;&#x441;&#x441;</subfield>
    <subfield code="d">2002 -</subfield>
  </datafield>
  <datafield tag="712" ind1="0" ind2="2">
    <subfield code="4">570</subfield>
    <subfield code="a">&#x41C;&#x435;&#x436;&#x434;&#x443;&#x43D;&#x430;&#x440;&#x43E;&#x434;&#x43D;&#x430;&#x44F; &#x43A;&#x43E;&#x43D;&#x444;&#x435;&#x434;&#x435;&#x440;&#x430;&#x446;&#x438;&#x44F; &#x43E;&#x431;&#x449;&#x435;&#x441;&#x442;&#x432; &#x43F;&#x43E;&#x442;&#x440;&#x435;&#x431;&#x438;&#x442;&#x435;&#x43B;&#x435;&#x439;</subfield>
    <subfield code="3">RU\NLR\AUTH\889983561</subfield>
    <subfield code="9">462941</subfield>
  </datafield>
  <datafield tag="801" ind1=" " ind2="1">
    <subfield code="a">RU</subfield>
    <subfield code="b">InfoComm</subfield>
    <subfield code="c">20050818</subfield>
  </datafield>
  <datafield tag="801" ind1=" " ind2="0">
    <subfield code="a">RU</subfield>
    <subfield code="b">NLR</subfield>
    <subfield code="g">PSBO</subfield>
  </datafield>
  <datafield tag="852" ind1=" " ind2=" ">
    <subfield code="a">NLR</subfield>
    <subfield code="j">&#x41F;22/7760</subfield>
  </datafield>
  <datafield tag="942" ind1=" " ind2=" ">
    <subfield code="c">JOURNAL</subfield>
  </datafield>
  <datafield tag="980" ind1=" " ind2=" ">
    <subfield code="a">RUSPER</subfield>
  </datafield>
</record>
